| 000 | 00456pab a2200157 454500 | ||
|---|---|---|---|
| 008 | 180718b2000 xxu||||| |||| 00| 0 eng d | ||
| 100 | _aWicks, Elizabeth | ||
| 245 | _aThe United Kingdom government's perceptions of the European convention on human rights as the time of entry | ||
| 260 | _c2000 | ||
| 300 | _ap.438-55 | ||
| 362 | _aAutumn | ||
| 650 | _aHuman rights - Great Britain | ||
| 650 | _aHuman rights | ||
| 773 | _aPublic Law | ||
| 909 | _a46282 | ||
| 999 |
_c46282 _d46282 |
||